000 00381nam a22001577a 4500
003 MACL
005 20151126160719.0
008 151126b xxu||||| |||| 00| 0 eng d
040 _cMACL
041 _aEnglish
082 _a294/VIR
100 _aVirk,Hardev Singh
_918388
245 _aScientific Vision in Sri Guru Granth Sahib
650 _aReligion
_918389
942 _2ddc
_cBK
999 _c51190
_d51190